<?xml version="1.0" encoding="UTF-8"?><?xml-stylesheet type="text/xsl" href="static/style.xsl"?><OAI-PMH xmlns="http://www.openarchives.org/OAI/2.0/" xmlns:xsi="http://www.w3.org/2001/XMLSchema-instance" xsi:schemaLocation="http://www.openarchives.org/OAI/2.0/ http://www.openarchives.org/OAI/2.0/OAI-PMH.xsd"><responseDate>2026-04-28T01:57:18Z</responseDate><request verb="GetRecord" identifier="oai:uvadoc.uva.es:10324/27273" metadataPrefix="marc">https://uvadoc.uva.es/oai/request</request><GetRecord><record><header><identifier>oai:uvadoc.uva.es:10324/27273</identifier><datestamp>2021-06-29T19:29:28Z</datestamp><setSpec>com_10324_38</setSpec><setSpec>col_10324_852</setSpec></header><metadata><record xmlns="http://www.loc.gov/MARC21/slim" xmlns:doc="http://www.lyncode.com/xoai" xmlns:xsi="http://www.w3.org/2001/XMLSchema-instance" xmlns:dcterms="http://purl.org/dc/terms/" xsi:schemaLocation="http://www.loc.gov/MARC21/slim http://www.loc.gov/standards/marcxml/schema/MARC21slim.xsd">
<leader>00925njm 22002777a 4500</leader>
<datafield tag="042" ind1=" " ind2=" ">
<subfield code="a">dc</subfield>
</datafield>
<datafield tag="720" ind1=" " ind2=" ">
<subfield code="a">Villota Gutiérrez, María Jesús</subfield>
<subfield code="e">author</subfield>
</datafield>
<datafield tag="260" ind1=" " ind2=" ">
<subfield code="c">2017</subfield>
</datafield>
<datafield tag="520" ind1=" " ind2=" ">
<subfield code="a">La política al igual que todo lo que la rodea se ha convertido en tema habitual en la mayoría de las tertulias. Pero no sólo eso, también supone uno de los principales problemas para los españoles; aspectos como la sanidad, infraestructuras, calidad de empleo, corrupción y fraude, pensiones y políticos encabezan las puntuaciones del barómetro que el CIS viene elaborando bajo la premisa de “los problemas principales que existen actualmente en España</subfield>
</datafield>
<datafield tag="024" ind2=" " ind1="8">
<subfield code="a">http://uvadoc.uva.es/handle/10324/27273</subfield>
</datafield>
<datafield ind1=" " ind2=" " tag="653">
<subfield code="a">España - Política y gobierno - Siglo XXI</subfield>
</datafield>
<datafield ind1=" " ind2=" " tag="653">
<subfield code="a">Política - Opinión pública</subfield>
</datafield>
<datafield ind1=" " ind2=" " tag="653">
<subfield code="a">Partidos políticos - España - Opinión pública</subfield>
</datafield>
<datafield ind1=" " ind2=" " tag="653">
<subfield code="a">Participación política - España - Opinión pública</subfield>
</datafield>
<datafield tag="245" ind1="0" ind2="0">
<subfield code="a">Actitudes hacia la política y los partidos políticos</subfield>
</datafield>
</record></metadata></record></GetRecord></OAI-PMH>